Countries That Eat The Most Pasta - Statistics

General Stats
  • This quiz has been taken 200 times
  • The average score is 5 of 10
Answer Stats
Kg Per Capita Countries % Correct
26.0 Kg Per Capita Italy
99%
8.8 Kg Per Capita United States
97%
10.5 Kg Per Capita Greece
65%
9.3 Kg Per Capita Switzerland
59%
9.0 Kg Per Capita Sweden
44%
8.4 Kg Per Capita Chile
28%
8.2 Kg Per Capita Peru
24%
11.9 Kg Per Capita Tunisia
24%
12.3 Kg Per Capita Venezuela
24%
8.5 Kg Per Capita Iran
21%
No matching quizzes found
Score Distribution
Percent of People with Each Score
Percentile by Number Answered
Your Score History
You have not taken this quiz